000 00328nam a2200121Ia 4500
008 190216s9999||||xx |||||||||||||| ||und||
100 _a"Singhal, Agrawal, & Prakash
 "
245 0 _aHeat And Thermodynamics And Statitical Physics
260 _bPragathi Prakashan
300 _a685
650 _aPhysics
942 _cBK
999 _c33225
_d33225